[Event "Santa Rosa Villarreal Memorial 29th"]
[Site "Santa Rosa"]
[Date "2023.12.10"]
[Round "7"]
[White "Ripari, Marcelo"]
[Black "Ranalli, Emanuel Eduardo"]
[Result "1-0"]
[WhiteElo "2203"]
[BlackElo "1725"]
[PlyCount "73"]
[EventDate "2023.12.08"]
[EventType "swiss"]
[EventRounds "7"]
[EventCountry "ARG"]
[SourceTitle "CB51_2023"]
[SourceDate "2023.12.20"]
[SourceVersion "1"]
[SourceVersionDate "2023.12.20"]
[SourceQuality "1"]

1. Nf3 d5 2. g3 Nf6 3. Bg2 e6 4. 0-0 c5 5. c4 Nc6 6. cxd5 exd5 7. d4 cxd4 8. Nxd4 Be7 9. Nc3 0-0 10. b3 Bg4 11. Bb2 a6 12. Rc1 Rc8 13. Nxc6 bxc6 14. Na4 Re8 15. Qd3 Bd6 16. e3 a5 17. Qa6 Bd7 18. Nb6 Rc7 19. Bxf6 gxf6 20. Nxd7 Qxd7 21. Qxa5 Ra7 22. Qd2 Rea8 23. Rc2 Ra6 24. Rfc1 Ba3 25. Rd1 Qf5 26. Qe2 Qe6 27. e4 dxe4 28. Qxe4 Qxe4 29. Bxe4 Rc8 30. Rd7 Kf8 31. Bxh7 c5 32. Bd3 Re6 33. Kg2 Re7 34. Rxe7 Kxe7 35. Re2+ Kd6 36. Bc4 Rc7 37. Re8 1-0

[Event "Santa Rosa Villarreal Memorial 29th"]
[Site "Santa Rosa"]
[Date "2023.12.08"]
[Round "2"]
[White "Ponzo, Fabian"]
[Black "Ripari, Marcelo"]
[Result "1/2-1/2"]
[WhiteElo "1954"]
[BlackElo "2203"]
[PlyCount "137"]
[EventDate "2023.12.08"]
[EventType "swiss"]
[EventRounds "7"]
[EventCountry "ARG"]
[SourceTitle "CB51_2023"]
[SourceDate "2023.12.20"]
[SourceVersion "1"]
[SourceVersionDate "2023.12.20"]
[SourceQuality "1"]

1. c4 Nf6 2. Nc3 d5 3. cxd5 Nxd5 4. d4 g6 5. Nf3 Bg7 6. e3 0-0 7. Be2 c5 8. 0-0 cxd4 9. exd4 Nc6 10. Nxd5 Qxd5 11. Be3 b6 12. Qa4 Bb7 13. Rfd1 Qa5 14. Qb3 Qb4 15. Qc2 Rac8 16. Qb1 Rfd8 17. a3 Qb3 18. Rd3 Qd5 19. Qf1 Ba6 20. Rd2 Bxe2 21. Qxe2 Na5 22. Rad1 Rd7 23. Qa6 Rcd8 24. Ne5 Rc7 25. h3 Nc4 26. Nxc4 Qxc4 27. Qxc4 Rxc4 28. d5 Be5 29. Kf1 f5 30. f3 Kf7 31. Ke2 Rd7 32. b3 Rc3 33. Rd3 Rc2+ 34. R1d2 Rdc7 35. Rxc2 Rxc2+ 36. Rd2 Rc8 37. a4 Ke8 38. f4 Bd6 39. Kd3 Kd7 40. Rc2 Rxc2 41. Kxc2 e6 42. dxe6+ Kxe6 43. Kd3 Kd5 44. g4 h5 45. gxh5 gxh5 46. Bd2 a6 47. Be3 Bc5 48. Bd2 b5 49. axb5 axb5 50. Bc1 Bd6 51. Be3 Be7 52. Bd2 Bh4 53. Be3 Be1 54. Bg1 Bb4 55. Be3 Be1 56. Bg1 Bh4 57. Be3 Bg3 58. Bc1 Bf2 59. Bd2 Bd4 60. Bc1 Bc5 61. Bd2 Ba3 62. Be3 Bb2 63. Bd2 Kc5 64. Be3+ Kb4 65. Kc2 Bf6 66. Bd2+ Ka3 67. Bc1+ Ka2 68. Bd2 Ka3 69. Bc1+ 1/2-1/2

[Event "Santa Rosa Villarreal Memorial 29th"]
[Site "Santa Rosa"]
[Date "2023.12.08"]
[Round "1"]
[White "Ripari, Marcelo"]
[Black "Tarancon, Hugo Cesar Manuel"]
[Result "1-0"]
[WhiteElo "2203"]
[BlackElo "1636"]
[PlyCount "44"]
[EventDate "2023.12.08"]
[EventType "swiss"]
[EventRounds "7"]
[EventCountry "ARG"]
[SourceTitle "CB51_2023"]
[SourceDate "2023.12.20"]
[SourceVersion "1"]
[SourceVersionDate "2023.12.20"]
[SourceQuality "1"]

1. g3 g6 2. Bg2 Nf6 3. Nf3 Bg7 4. 0-0 0-0 5. d4 d6 6. Nc3 Nbd7 7. a4 c5 8. d5 b6 9. a5 bxa5 10. Nd2 Nb6 11. Nb3 a4 12. Nxa4 Bb7 13. Nc3 a5 14. Nxa5 Qc7 15. Re1 Rac8 16. e4 e5 17. dxe6 Ne8 18. Nxb7 Qxb7 19. e5 Qe7 20. exd6 Nxd6 21. Ra6 Ndc4 22. Nd5 Nxd5 1-0

[Event "Gibraltar Masters 14th"]
[Site "Caleta"]
[Date "2016.02.02"]
[Round "8"]
[White "Weeramantry, Sunil"]
[Black "Ripari, Marcelo"]
[Result "1/2-1/2"]
[WhiteElo "2099"]
[BlackElo "2310"]
[PlyCount "119"]
[EventDate "2016.01.26"]
[EventType "swiss"]
[EventRounds "10"]
[EventCountry "GGB"]
[SourceTitle "CBM 171"]
[Source "ChessBase"]
[SourceDate "2016.03.14"]
[SourceVersion "2"]
[SourceVersionDate "2016.03.14"]
[SourceQuality "1"]

1. e4 c5 2. Nf3 Nc6 3. d4 cxd4 4. Nxd4 Nf6 5. Nc3 e5 6. Ndb5 d6 7. Nd5 Nxd5 8. exd5 Nb8 9. c4 Be7 10. Be2 0-0 11. 0-0 a6 12. Nc3 f5 13. f4 exf4 14. Bxf4 Nd7 15. Kh1 Ne5 16. Rc1 Bf6 17. Be3 Re8 18. Qd2 Bd7 19. Nd1 b5 20. Qb4 Qb8 21. cxb5 axb5 22. Nc3 Nc4 23. Bxc4 bxc4 24. Qxb8 Raxb8 25. Bf4 Rxb2 26. Bxd6 Bxc3 27. Rxc3 Rxa2 28. Rb1 Rd2 29. Rxc4 Rxd5 30. Bf4 h6 31. h4 Re4 32. Rxe4 fxe4 33. Rb2 Bb5 34. Kh2 Kf7 35. Rb4 Bd3 36. g4 g5 37. Rb7+ Ke6 38. Rb6+ Kd7 39. hxg5 hxg5 40. Be3 Be2 41. Rg6 Rd3 42. Bxg5 Bxg4 43. Kg2 Rf3 44. Bh4 Bh3+ 45. Kg1 Be6 46. Rg3 Rf7 47. Re3 Bd5 48. Bf2 Ke6 49. Rg3 Rf5 50. Be3 Bc4 51. Rg6+ Kd7 52. Bf2 Be2 53. Kg2 Bf3+ 54. Kg3 Bh5 55. Rh6 Be2 56. Rh4 e3 57. Be1 Rf1 58. Re4 Rg1+ 59. Kh2 Rxe1 60. Rxe3 1/2-1/2

[Event "Gibraltar Masters 14th"]
[Site "Caleta"]
[Date "2016.01.30"]
[Round "5"]
[White "Ripari, Marcelo"]
[Black "Kollars, Dmitrij"]
[Result "0-1"]
[WhiteElo "2310"]
[BlackElo "2436"]
[PlyCount "90"]
[EventDate "2016.01.26"]
[EventType "swiss"]
[EventRounds "10"]
[EventCountry "GGB"]
[SourceTitle "CBM 171"]
[Source "ChessBase"]
[SourceDate "2016.03.14"]
[SourceVersion "2"]
[SourceVersionDate "2016.03.14"]
[SourceQuality "1"]

1. e4 c5 2. Nf3 d6 3. Bb5+ Nd7 4. 0-0 a6 5. Bd3 Ngf6 6. Re1 b5 7. c3 Bb7 8. Bc2 e5 9. d3 Be7 10. Nbd2 0-0 11. Nf1 Re8 12. h3 Bf8 13. Bg5 h6 14. Bxf6 Nxf6 15. N3h2 d5 16. Qf3 c4 17. Ng3 d4 18. Rad1 Qb6 19. cxd4 exd4 20. b3 c3 21. Re2 g6 22. Ng4 Nxg4 23. Qxg4 Qe6 24. Qxe6 Rxe6 25. f4 Rae8 26. Rde1 Be7 27. Nf1 b4 28. Kf2 Bd6 29. g3 g5 30. e5 Bc7 31. Nh2 f6 32. exf6 Rxe2+ 33. Rxe2 Rxe2+ 34. Kxe2 gxf4 35. gxf4 Bc8 36. h4 Bd8 37. Kf3 h5 38. Ke4 Bxf6 39. Nf3 Bb7+ 40. Kf5 Kg7 41. Ng5 Bc8+ 42. Ke4 Bg4 43. Kd5 Kg6 44. Ke4 a5 45. Kd5 Kf5 0-1

[Event "Gibraltar Masters 14th"]
[Site "Caleta"]
[Date "2016.01.28"]
[Round "3"]
[White "Ripari, Marcelo"]
[Black "Carlstedt, Jonathan"]
[Result "1/2-1/2"]
[WhiteElo "2310"]
[BlackElo "2461"]
[PlyCount "91"]
[EventDate "2016.01.26"]
[EventType "swiss"]
[EventRounds "10"]
[EventCountry "GGB"]
[SourceTitle "CBM 171"]
[Source "ChessBase"]
[SourceDate "2016.03.14"]
[SourceVersion "2"]
[SourceVersionDate "2016.03.14"]
[SourceQuality "1"]

1. e4 c5 2. Nf3 Nf6 3. e5 Nd5 4. Nc3 e6 5. Nxd5 exd5 6. d4 Nc6 7. c3 d6 8. Bb5 Be7 9. exd6 Bxd6 10. 0-0 0-0 11. Re1 Bg4 12. h3 Bxf3 13. Qxf3 cxd4 14. Bf4 Qf6 15. Bxc6 bxc6 16. cxd4 Rfe8 17. Qg3 c5 18. Be5 Qg6 19. Qxg6 hxg6 20. dxc5 Bxc5 21. Kf1 f6 22. Bf4 g5 23. Rxe8+ Rxe8 24. Bd2 Rb8 25. b3 Ba3 26. Bc1 Bd6 27. Bd2 Kf7 28. Ke2 Ke6 29. Rc1 d4 30. Kd3 Kd5 31. Rc4 Bc5 32. b4 Bb6 33. a4 a6 34. a5 Bd8 35. Rxd4+ Kc6 36. Kc4 Be7 37. Re4 Bd6 38. h4 gxh4 39. Rxh4 Re8 40. Be3 g5 41. Rd4 Rh8 42. Rd1 Rh4+ 43. Rd4 Rh1 44. Rd3 Rh4+ 45. Rd4 Rh1 46. Rd3 1/2-1/2

[Event "Prague op-A 15th"]
[Site "Prague"]
[Date "2016.01.12"]
[Round "6"]
[White "Ripari, Marcelo"]
[Black "Hrdina, Robin"]
[Result "1-0"]
[WhiteElo "2310"]
[BlackElo "2122"]
[PlyCount "81"]
[EventDate "2016.01.08"]
[EventType "swiss"]
[EventRounds "9"]
[EventCountry "CZE"]
[SourceTitle "CBM 170 Extra"]
[Source "ChessBase"]
[SourceDate "2016.02.25"]
[SourceVersion "1"]
[SourceVersionDate "2016.02.25"]
[SourceQuality "1"]

1. e4 c5 2. Nf3 e6 3. c3 a6 4. d4 cxd4 5. cxd4 d6 6. Nc3 Nf6 7. Be2 Be7 8. 0-0 0-0 9. e5 Nfd7 10. Bf4 d5 11. Bd3 Nc6 12. Rc1 f6 13. exf6 Nxf6 14. Re1 Bd6 15. Bg5 Qc7 16. Ne5 Bd7 17. Na4 Rae8 18. Nc5 Bc8 19. Bh4 Kh8 20. Bg3 Qd8 21. Nxb7 Bxb7 22. Nxc6 Bxc6 23. Rxc6 Bxg3 24. hxg3 Qb8 25. Rc2 Qb6 26. Be2 Ne4 27. Bf3 Nd6 28. Qd3 Nf5 29. Rd2 Nd6 30. b3 a5 31. Re5 Nf7 32. Re3 Nd6 33. Re1 Qb4 34. Rc1 Rc8 35. Rxc8 Rxc8 36. Re2 Nf5 37. Rxe6 Nxd4 38. Re5 Rd8 39. Bxd5 Qc5 40. Qe4 Rf8 41. Bc4 1-0

[Event "Prague op-A 15th"]
[Site "Prague"]
[Date "2016.01.10"]
[Round "4"]
[White "Ripari, Marcelo"]
[Black "Yakimenko, Alexander A"]
[Result "1-0"]
[WhiteElo "2310"]
[BlackElo "2195"]
[PlyCount "81"]
[EventDate "2016.01.08"]
[EventType "swiss"]
[EventRounds "9"]
[EventCountry "CZE"]
[SourceTitle "CBM 170 Extra"]
[Source "ChessBase"]
[SourceDate "2016.02.25"]
[SourceVersion "1"]
[SourceVersionDate "2016.02.25"]
[SourceQuality "1"]

1. e4 e6 2. Nf3 d5 3. Nc3 Nf6 4. e5 Nfd7 5. d4 a6 6. a3 c5 7. dxc5 Qc7 8. Bf4 Nc6 9. Bd3 Nxc5 10. h4 Bd7 11. h5 Be7 12. Qd2 Qb6 13. 0-0 h6 14. Rfe1 Nxd3 15. Qxd3 0-0 16. Qd2 Rfd8 17. Ne2 Bf8 18. Nh2 Rac8 19. Ng4 Ne7 20. Ne3 Qa7 21. c3 b5 22. Nd4 a5 23. Nec2 Qb6 24. Re3 Nc6 25. Rg3 Kh8 26. Nxc6 Bxc6 27. Be3 Qb7 28. Bd4 Be8 29. b4 Ra8 30. Re1 axb4 31. axb4 Ra2 32. Qd3 Rda8 33. f4 Qc8 34. Ne3 R8a3 35. f5 Bxb4 36. f6 Bf8 37. Ng4 Qc4 38. Qe3 b4 39. fxg7+ Bxg7 40. Nf6 Rxc3 41. Qxh6+ 1-0

[Event "Hastings Masters op 91st"]
[Site "Hastings"]
[Date "2016.01.05"]
[Round "9"]
[White "Cunningham, Robin J"]
[Black "Ripari, Marcelo"]
[Result "1/2-1/2"]
[WhiteElo "2205"]
[BlackElo "2310"]
[PlyCount "20"]
[EventDate "2015.12.28"]
[EventType "swiss"]
[EventRounds "9"]
[EventCountry "ENG"]
[SourceTitle "CBM 170 Extra"]
[Source "ChessBase"]
[SourceDate "2016.02.25"]
[SourceVersion "1"]
[SourceVersionDate "2016.02.25"]
[SourceQuality "1"]

1. e4 c5 2. Nf3 Nc6 3. c3 e6 4. d4 d5 5. exd5 exd5 6. Bb5 Bd6 7. 0-0 Nge7 8. dxc5 Bxc5 9. Nbd2 0-0 10. Nb3 Bd6 1/2-1/2

[Event "Hastings Masters op 91st"]
[Site "Hastings"]
[Date "2016.01.02"]
[Round "6"]
[White "Ripari, Marcelo"]
[Black "Cafferty, Bernard"]
[Result "1-0"]
[WhiteElo "2310"]
[BlackElo "2096"]
[PlyCount "101"]
[EventDate "2015.12.28"]
[EventType "swiss"]
[EventRounds "9"]
[EventCountry "ENG"]
[SourceTitle "CBM 170 Extra"]
[Source "ChessBase"]
[SourceDate "2016.02.25"]
[SourceVersion "1"]
[SourceVersionDate "2016.02.25"]
[SourceQuality "1"]

1. e4 d5 2. exd5 Nf6 3. Nf3 Nxd5 4. d4 g6 5. g3 Bg7 6. Bg2 0-0 7. 0-0 Nd7 8. Re1 c6 9. Nbd2 N7f6 10. Nc4 Qc7 11. Nce5 Ng4 12. c4 Nxe5 13. Nxe5 Nb6 14. c5 Nd7 15. Nc4 Qd8 16. Bf4 Nf6 17. Be5 Be6 18. Qe2 Bd5 19. f3 Re8 20. b3 Nd7 21. Bxg7 Kxg7 22. Qb2 Kg8 23. Ne3 Nf6 24. Rad1 Qd7 25. Nxd5 Nxd5 26. f4 Rad8 27. b4 a6 28. a4 h5 29. Re5 Qg4 30. Rd2 h4 31. Rg5 Qe6 32. Re2 Qf6 33. Bxd5 Rxd5 34. Rxd5 cxd5 35. Re5 Qc6 36. b5 axb5 37. axb5 Qd7 38. Kg2 Ra8 39. Qe2 e6 40. gxh4 Ra4 41. h5 Rxd4 42. hxg6 Rxf4 43. gxf7+ Qxf7 44. Rg5+ Kh7 45. Qe3 Rh4 46. Qg3 Rh6 47. b6 d4 48. Qd3+ Kh8 49. Qxd4+ Kh7 50. Qe4+ Kh8 51. Qe5+ 1-0

[Event "Hastings Masters op 91st"]
[Site "Hastings"]
[Date "2015.12.30"]
[Round "3"]
[White "Lochte, Thomas"]
[Black "Ripari, Marcelo"]
[Result "1/2-1/2"]
[WhiteElo "2082"]
[BlackElo "2310"]
[PlyCount "123"]
[EventDate "2015.12.28"]
[EventType "swiss"]
[EventRounds "9"]
[EventCountry "ENG"]
[SourceTitle "CBM 170 Extra"]
[Source "ChessBase"]
[SourceDate "2016.02.25"]
[SourceVersion "1"]
[SourceVersionDate "2016.02.25"]
[SourceQuality "1"]

1. e4 e6 2. d4 d5 3. Nd2 c5 4. Ngf3 Nc6 5. exd5 exd5 6. dxc5 Bxc5 7. Nb3 Bd6 8. Bg5 Nge7 9. c3 0-0 10. Be2 f6 11. Bh4 Be6 12. Nfd4 Bf7 13. Bg3 Ne5 14. 0-0 g6 15. Re1 a6 16. Qc1 Re8 17. Qf4 N7c6 18. Rad1 Kg7 19. h4 Nxd4 20. Nxd4 Nc4 21. Qg4 Re4 22. Nf5+ Kf8 23. Nxd6 Rxg4 24. Nxf7 Kxf7 25. Bxg4 Nb6 26. c4 h5 27. Be6+ Kg7 28. c5 Nc4 29. b3 Ne5 30. Rxd5 Qa5 31. f4 Re8 32. fxe5 Rxe6 33. exf6+ Rxf6 34. Rd7+ Rf7 35. Rxf7+ Kxf7 36. Rf1+ Ke6 37. Re1+ Kf6 38. Rf1+ Ke6 39. Re1+ Kd7 40. Rd1+ Kc6 41. Bf2 Qxa2 42. Rd6+ Kc7 43. Rb6 Qb1+ 44. Kh2 Qe4 45. Rd6 Kc8 46. Rd4 Qe5+ 47. g3 Qf5 48. Kg2 Qc2 49. b4 Qe2 50. Rf4 Kd7 51. Kh2 Kc6 52. Kg1 Kb5 53. Kg2 Ka4 54. Rd4 Kb3 55. Rf4 Kc3 56. Kg1 Qd1+ 57. Kg2 Qd5+ 58. Kg1 Kd3 59. Kh2 Ke2 60. Bd4 Kd3 61. Bf2 Ke2 62. Bd4 1/2-1/2

[Event "Hastings Masters op 91st"]
[Site "Hastings"]
[Date "2015.12.29"]
[Round "2"]
[White "Ripari, Marcelo"]
[Black "Sikkel, Dirk"]
[Result "1/2-1/2"]
[WhiteElo "2310"]
[BlackElo "1991"]
[PlyCount "60"]
[EventDate "2015.12.28"]
[EventType "swiss"]
[EventRounds "9"]
[EventCountry "ENG"]
[SourceTitle "CBM 170 Extra"]
[Source "ChessBase"]
[SourceDate "2016.02.25"]
[SourceVersion "1"]
[SourceVersionDate "2016.02.25"]
[SourceQuality "1"]

1. e4 g6 2. d4 Bg7 3. Nc3 d6 4. f4 a6 5. Nf3 b5 6. Bd3 Nd7 7. e5 c5 8. Be3 b4 9. Ne4 Nh6 10. dxc5 dxe5 11. c6 Nb8 12. Nxe5 Qc7 13. c3 Bxe5 14. fxe5 Ng4 15. Bf4 Nxc6 16. 0-0 Ngxe5 17. Kh1 0-0 18. Bc2 bxc3 19. Nxc3 Be6 20. Qe1 f6 21. Be4 Rab8 22. Rc1 Rfd8 23. Bxc6 Qxc6 24. Bxe5 fxe5 25. Qxe5 Qd6 26. Qe2 Bf5 27. Rfe1 e6 28. Red1 Qb4 29. Rxd8+ Rxd8 30. Qf2 Qd4 1/2-1/2

[Event "Gibraltar Masters 7th"]
[Site "Gibraltar"]
[Date "2009.01.28"]
[Round "2"]
[White "Gavriel, Tryfon"]
[Black "Ripari, Marcelo"]
[Result "0-1"]
[WhiteElo "2161"]
[BlackElo "2313"]
[PlyCount "98"]
[EventDate "2009.01.27"]
[EventType "swiss"]
[EventRounds "10"]
[EventCountry "ENG"]
[SourceTitle "CBM 128 Extra"]
[Source "ChessBase"]
[SourceDate "2009.03.05"]
[SourceVersion "2"]
[SourceVersionDate "2009.03.25"]
[SourceQuality "1"]

1. e4 c5 2. Nf3 Nc6 3. Bb5 e6 4. Bxc6 bxc6 5. d3 d6 6. Nc3 e5 7. h3 Ne7 8. 0-0 Ng6 9. Ne2 Be7 10. Be3 f5 11. exf5 Bxf5 12. Ng3 0-0 13. Nxf5 Rxf5 14. a3 a5 15. c4 Qd7 16. Rc1 Raf8 17. Nd2 h6 18. Ne4 Kh7 19. Ng3 R5f7 20. Qg4 Qxg4 21. hxg4 Nf4 22. Bxf4 exf4 23. Ne4 h5 24. f3 hxg4 25. fxg4 f3 26. g3 Kg6 27. Kf2 Rb8 28. Rc2 d5 29. Nd2 Bf6 30. Nxf3 Rxb2 31. Rxb2 Bxb2 32. a4 dxc4 33. dxc4 Bd4+ 34. Ke2 Re7+ 35. Kd2 Re4 36. Re1 Rxg4 37. Re6+ Kf5 38. Rxc6 Rxg3 39. Nxd4+ cxd4 40. Rd6 Ke5 41. Ra6 Ra3 42. Rxa5+ Ke4 43. Rg5 Ra2+ 44. Kd1 Kd3 45. Rg3+ Kxc4 46. Rxg7 Kc3 47. Ra7 Ra1+ 48. Ke2 d3+ 49. Kf2 d2 0-1

[Event "Prague op-A 08th"]
[Site "Prague"]
[Date "2009.01.13"]
[Round "6"]
[White "Nguyen, Chi Minh"]
[Black "Ripari, Marcelo"]
[Result "1-0"]
[WhiteElo "2429"]
[BlackElo "2313"]
[PlyCount "79"]
[EventDate "2009.01.09"]
[EventType "swiss"]
[EventRounds "9"]
[EventCountry "CZE"]
[SourceTitle "CBM 128 Extra"]
[Source "ChessBase"]
[SourceDate "2009.03.05"]
[SourceVersion "2"]
[SourceVersionDate "2009.03.25"]
[SourceQuality "1"]

1. d4 Nf6 2. c4 g6 3. Nc3 d5 4. Bg5 Ne4 5. Bh4 Nxc3 6. bxc3 Bg7 7. e3 c5 8. cxd5 Qxd5 9. Qf3 Qd8 10. Bc4 0-0 11. Ne2 cxd4 12. exd4 Qc7 13. Bb3 Nc6 14. 0-0 Na5 15. Nf4 e6 16. Bg3 Qc6 17. Bd1 b6 18. Qxc6 Nxc6 19. Bf3 Bb7 20. Bxc6 Bxc6 21. a4 e5 22. dxe5 Bxe5 23. Nxg6 fxg6 24. Bxe5 g5 25. Bd4 Rf5 26. h3 Ra5 27. f4 Rf8 28. fxg5 Rxg5 29. g4 Ra5 30. Rxf8+ Kxf8 31. Rf1+ Ke7 32. h4 Rxa4 33. g5 Ra2 34. Rf6 Be4 35. Rh6 Rd2 36. Kf1 Rc2 37. Be5 Kd7 38. Bd4 Kc7 39. h5 Rh2 40. Be5+ 1-0

[Event "Mar del Plata op 38th"]
[Site "Mar del Plata"]
[Date "2007.04.02"]
[Round "4"]
[White "Ripari, Marcelo"]
[Black "Cori, Jorge Moise"]
[Result "1-0"]
[WhiteElo "2362"]
[BlackElo "2213"]
[PlyCount "59"]
[EventDate "2007.03.31"]
[EventType "swiss"]
[EventRounds "9"]
[EventCountry "ARG"]
[SourceTitle "CBM 117 Extra"]
[Source "ChessBase"]
[SourceDate "2007.05.09"]
[SourceVersion "1"]
[SourceVersionDate "2007.05.09"]
[SourceQuality "1"]

1. e4 e6 2. d4 d5 3. e5 b6 4. h4 Ba6 5. Bxa6 Nxa6 6. c3 Qd7 7. Ne2 c5 8. Nd2 Rc8 9. a3 Ne7 10. h5 Nc6 11. b4 Nc7 12. Nf3 cxb4 13. axb4 a5 14. bxa5 Nxa5 15. h6 g6 16. Bg5 Be7 17. Bxe7 Qxe7 18. Qa4+ Qd7 19. Qxd7+ Kxd7 20. Ng5 Ke7 21. Rh3 f6 22. exf6+ Kxf6 23. f4 Ne8 24. Re3 Rc6 25. g4 Nc7 26. Nc1 Nc4 27. Re2 Nd6 28. Ra7 Ndb5 29. Rb7 Rxc3 30. Rxe6+ 1-0

[Event "Vicente Lopez ITT"]
[Site "Villa Martelli"]
[Date "2006.08.02"]
[Round "10"]
[White "Prates, Fabiano Fortes"]
[Black "Ripari, Marcelo"]
[Result "0-1"]
[WhiteElo "2274"]
[BlackElo "2341"]
[PlyCount "70"]
[EventDate "2006.07.24"]
[EventType "tourn"]
[EventRounds "11"]
[EventCountry "ARG"]
[EventCategory "3"]
[SourceTitle "CBM 113 Extra"]
[Source "ChessBase"]
[SourceDate "2006.09.14"]
[SourceVersion "1"]
[SourceVersionDate "2006.09.14"]
[SourceQuality "1"]

1. e4 c5 2. c3 e6 3. Nf3 d5 4. e5 d4 5. Bd3 Nc6 6. Be4 Bd7 7. d3 Qc7 8. 0-0 Nxe5 9. Nxe5 Qxe5 10. Bxb7 Rb8 11. f4 Qc7 12. Bf3 Bd6 13. g3 Ne7 14. Na3 dxc3 15. bxc3 0-0 16. Nc4 Nd5 17. Bd2 Bc6 18. Qc2 Nb6 19. Nxd6 Qxd6 20. Bxc6 Qxc6 21. f5 exf5 22. Rxf5 c4 23. d4 Rbe8 24. Rc5 Qa8 25. Bf4 Re4 26. Rf1 Rfe8 27. Qg2 f6 28. Rc7 a5 29. Qf3 a4 30. Bd6 Nd5 31. Rd7 Qc6 32. Qf5 Re1 33. Bf4 Rxf1+ 34. Kxf1 Nxf4 35. gxf4 Qf3+ 0-1

[Event "Mar del Plata op 37th"]
[Site "Mar del Plata"]
[Date "2006.04.12"]
[Round "6"]
[White "Celestino, Guillermo"]
[Black "Ripari, Marcelo"]
[Result "0-1"]
[WhiteElo "2206"]
[BlackElo "2324"]
[PlyCount "72"]
[EventDate "2006.04.08"]
[EventType "swiss"]
[EventRounds "9"]
[EventCountry "ARG"]
[SourceTitle "CBM 111 Extra"]
[Source "ChessBase"]
[SourceDate "2006.05.09"]
[SourceVersion "1"]
[SourceVersionDate "2006.05.09"]
[SourceQuality "1"]

1. d4 Nf6 2. c4 g6 3. Nc3 d5 4. cxd5 Nxd5 5. e4 Nxc3 6. bxc3 Bg7 7. Bc4 0-0 8. Ne2 Nc6 9. 0-0 b6 10. Be3 Bb7 11. Qd2 Qd6 12. Bh6 e5 13. Bxg7 Kxg7 14. f4 exd4 15. cxd4 Na5 16. Bd3 f5 17. d5 fxe4 18. Bxe4 Rae8 19. Bf3 c5 20. g3 Ba6 21. Rfe1 Nc4 22. Qc3+ Qf6 23. Qxf6+ Kxf6 24. Nc3 Nd6 25. Kf2 Bc4 26. Bg4 Rxe1 27. Rxe1 Re8 28. Be6 b5 29. a3 a5 30. g4 h6 31. h4 Bb3 32. g5+ hxg5 33. fxg5+ Kg7 34. Rh1 b4 35. Ne2 Rf8+ 36. Ke3 Nc4+ 0-1

[Event "American Continental 03rd"]
[Site "Buenos Aires"]
[Date "2005.08.08"]
[Round "3"]
[White "Ripari, Marcelo"]
[Black "Vera Gonzalez Quevedo, Reynaldo"]
[Result "1/2-1/2"]
[WhiteElo "2295"]
[BlackElo "2490"]
[PlyCount "79"]
[EventDate "2005.08.06"]
[EventType "swiss"]
[EventRounds "11"]
[EventCountry "ARG"]
[SourceTitle "CBM 109"]
[Source "ChessBase"]
[SourceDate "2005.11.14"]
[SourceVersion "1"]
[SourceVersionDate "2005.11.14"]
[SourceQuality "1"]

1. e4 c5 2. Nf3 e6 3. c4 Nc6 4. Nc3 Nf6 5. Be2 b6 6. 0-0 Bb7 7. b3 Qb8 8. Bb2 Bd6 9. Nb5 Nxe4 10. Nxd6+ Qxd6 11. d4 cxd4 12. Nxd4 Nxd4 13. Qxd4 Qxd4 14. Bxd4 0-0 15. f3 Nf6 16. a4 d5 17. a5 dxc4 18. Bxc4 Nd5 19. Bxd5 Bxd5 20. axb6 axb6 21. Bxb6 Bxb3 22. Rxa8 Rxa8 23. Rb1 Bc2 24. Rb2 Bf5 25. Ba7 h5 26. Rb8+ Rxb8 27. Bxb8 g5 28. Kf2 Kg7 29. g3 Kf6 30. Ke3 e5 31. Bc7 Ke6 32. Bd8 f6 33. Ba5 Bg6 34. Bd8 Be8 35. h3 Bb5 36. Kf2 Kf5 37. Ba5 Kg6 38. Bd8 Bd7 39. g4 f5 40. Bc7 1/2-1/2

[Event "American Continental 03rd"]
[Site "Buenos Aires"]
[Date "2005.08.06"]
[Round "1"]
[White "Ripari, Marcelo"]
[Black "Shabalov, Alexander"]
[Result "0-1"]
[WhiteElo "2295"]
[BlackElo "2593"]
[PlyCount "66"]
[EventDate "2005.08.06"]
[EventType "swiss"]
[EventRounds "11"]
[EventCountry "ARG"]
[SourceTitle "CBM 109"]
[Source "ChessBase"]
[SourceDate "2005.11.14"]
[SourceVersion "1"]
[SourceVersionDate "2005.11.14"]
[SourceQuality "1"]

1. e4 Nf6 2. e5 Nd5 3. d4 d6 4. Nf3 Bg4 5. Be2 e6 6. 0-0 Be7 7. c4 Nb6 8. Nc3 0-0 9. Be3 a5 10. exd6 cxd6 11. c5 dxc5 12. dxc5 N6d7 13. Na4 Nc6 14. Rc1 Qc7 15. h3 Bh5 16. a3 Rad8 17. Nd2 Bg6 18. Qb3 Nf6 19. Nb6 Nd5 20. Nxd5 exd5 21. g3 Bf6 22. Bf3 Rfe8 23. Bg2 a4 24. Qb5 Be5 25. Nf3 Bxg3 26. Bg5 f6 27. fxg3 fxg5 28. g4 h6 29. Qxa4 Re2 30. Rf2 Rxf2 31. Kxf2 Be4 32. Rf1 Rf8 33. Kg1 Qg3 0-1